00582cam a22001932 4500001001100000005001700011008004100028020001700069040001500086100003500101245004800136250001200184260004400196300001600240650005000256650004400306700003500350852000300385000001979220151217152201.0110209s xx 000 0 eng d a0470170885 : aKABUcKABU1 aDilley, Deborah K.@000017976310aEssentials of banking /cDeborah K. Dilley. a1st ed. aNew Jersey :bJohn wiley & sons,c2008. axiv, 273 p. 0aBanks and bankingzUnited States.@0000152466 0aBanking lawzUnited States.@00001797641 aDilley, Deborah K.@00001797631